MY DIARY IN INDIA IN THE YEAR. (Record no. 687413)

MARC details
000 -LEADER
fixed length control field 00507nam a2200181Ia 4500
008 - FIXED-LENGTH DATA ELEMENTS--GENERAL INFORMATION
fixed length control field 100920s9999 xx 000 0 und d
082 ## - DEWEY DECIMAL CLASSIFICATION NUMBER
Item number 32500
Classification number 13 ढ 60
100 ## - MAIN ENTRY--PERSONAL NAME
Personal name RUSSELL WILLIAM HOWARD.
245 ## - TITLE STATEMENT
Title MY DIARY IN INDIA IN THE YEAR.
260 ## - PUBLICATION, DISTRIBUTION, ETC. (IMPRINT)
Name of publisher, distributor, etc ROUTLEDGE,WARNE , LONDON.
Date of publication, distribution, etc 1860
300 ## - PHYSICAL DESCRIPTION
Extent 408
Other physical details साधी
365 ## - TRADE PRICE
Price amount 0
520 ## - SUMMARY, ETC.
Summary, etc टी.अे.
630 ## - SUBJECT ADDED ENTRY--UNIFORM TITLE
Uniform title MY DIARY IN INDIA IN THE YEAR.
650 ## - SUBJECT ADDED ENTRY--TOPICAL TERM
Topical term or geographic name as entry element टी.अे.
730 ## - ADDED ENTRY--UNIFORM TITLE
Uniform title MY DIARY IN INDIA IN THE YEAR.
942 ## - ADDED ENTRY ELEMENTS (KOHA)
Koha item type Book
Holdings
Withdrawn status Lost status Damaged status Not for loan Home library Current library Shelving location Date acquired Cost, normal purchase price Total Checkouts Barcode Date last seen Price effective from Koha item type Public note
        Shri Chhatrapati Pratapsinh Maharaj ( Thorle) Nagar Vachanalaya, Satara Shri Chhatrapati Pratapsinh Maharaj ( Thorle) Nagar Vachanalaya, Satara     0.00   SATVAC-32500 09/20/2010 09/20/2010 Book देवघेव